01358nam a2200265 a 4500003000900000005001700009008004100026020001800067040002800085082001800113100001900131245008000150250001800230260003600248300004300284490004000327504002700367520051800394650002800912650003500940650002700975650003501002700003201037700002301069CO-ViMGA20230915233131.0100907s2010 ck a gr 00010 spa d a9789588293707 aCO-ViMGAbspacCO-ViMGA04a153.15 bV24p10aVelez, Antonio10aPensamiento creativo cAntonio Velez, Juan Diego Velez, Ana Cristina Velez. a1a. edicin̤ 3 aBogot bVillegas Editoresc2010 a591 pg̀inas bilustraciones c23 cm.1 aColeccin̤ dorada. Interš general aIncluye bibliografa̕. aEste libro va dirigido a todas aquellas personas que creen que el cerebro se desarrolla por medio del ejercicio mental , adquiere rapidez, claridad, capacidad de anl̀isis, rigor y seguridad en el raciocinio, al tiempo que rejuvenece. Va dirigido en especial a todos aquellos que no consideran una perdida de tiempo el hecho de pensar problemas que, en su mayora̕ , solo existen en la imaginacin̤ ; y a todos aquellos que encuentran placer en enfrentar dificultades artificialescreadas por el mismo pensamiento.14aAptitud creadora 2LEMB14aDesarrollo de la memoria2LEMB14aInteligencia v 2LEMB14aPruebas de inteligencia 2LEMB10aVľez, Ana Cristinad1961-10aVľez, Juan Diego